| 000 | 01067nam a22002415i 4500 | ||
|---|---|---|---|
| 001 | 160567 | ||
| 003 | ES-MaACL | ||
| 005 | 20250630060249.0 | ||
| 008 | 040928m18521853po af |||| | por d | ||
| 040 |
_aCAM _bspa _cCAM |
||
| 080 | _a821.134.2-31"18" | ||
| 080 | _a929 Blanca (460.18)(0:82) | ||
| 100 | 0 |
_aNavarro Villoslada, Francisco, _d1818-1895 _985180 |
|
| 245 | 1 | 0 |
_aDona Branca de Navarra e quinze dias de reinado _b: romance historico sobre una chronica do seculo XV / _cpor Francisco Navarro Villoslada ; traduzido e publicado por Filippe de Sá. |
| 260 |
_aLisboa : _b[s.n.], _c1852-1853 ( _fTyp. de João José de Salles Colaço) |
||
| 300 |
_a2 v. (400 p., [5] h. lám. ; 430 p., [7] h. lám.) ; _c20 cm. |
||
| 600 | 0 | 4 |
_aBlanca _cReina consorte de Enrique IV, Rey de Castilla- _vNovelas. _9154664 |
| 655 | 7 |
_2tgfbne _aNovelas históricas _9226782 |
|
| 700 | 1 |
_aSá, Filippe da. _9132991 |
|
| 852 |
_aES-MaACL _jC-3423 _z-- Enc. hol. _z-- Legado de Modesto de la Fuente _z-- Enc. 2 t. en 1 v. |
||
| 942 | _2udc | ||
| 999 |
_c160567 _d160567 |
||